000 00526nam a22001697a 4500
999 _c8563
_d8563
008 201202b ||||| |||| 00| 0 eng d
040 _aBMS College of Architecture
100 _aReddy, B Srujithi Sai
245 _aResidential school for homeless Bangalore
300 _a33p.
500 _a1BM13AT063
502 _8B,Arch
_NBMS College of Architecture, Visvesvaraya Technological University
_aProject report
_d2017
650 _aSchool
700 _aShanu Raina
_eGuide
700 _aPraveen Alva
_eGuide
942 _2ddc
_cTHE